00549nam a2200181Ia 4500100001700000650001900017250000600036942000700042366000700049654001900056245001900075260004400094082002100138300000800159546001200167999001700179952017100196 aMano/Morris  aDigital Design a3 cBK f20 adigital design aDigital design bPrentice Hall of IndiaaNew Delhic2002 a621.395/MANbMAN a516 aENGLISH c19862d19862 001040708CRCaCRCEb428d2023-03-17eProfessional Book House.g205.00i562 dt 25/03/2008l2o621.395/MAN MANp18579r2025-01-29s2025-01-17v225.00w0000-00-00yBK